书目信息 |
| 书名: | Small group and team communication | |
| 作者: | Thomas E. Harris, John C. Sherblom | |
| 分册号: | ||
| 分册名: | 出版地: | Boston : |
|
| 出版社: | Allyn and Bacon | |
| 出版时间: | c1998. | |
| 页数: | xvi, 271 p. : | |
| 开本: | 24 cm. | |
| 丛书名: | ||
| 中图分类号: | ||
| 科图分类号: | ||
| 其他分类号: | F243.1 | |
| 主题词: | ||
| 电子资源: | ||
| 000 | 01036nam 2200289 a 4500 | |
| 001 | E0760068433 | |
| 004 | 000813054 | |
| 005 | 20070513164424.79 | |
| 008 | 001 0 eng | |
| 008 | 4001uueng0000000 | |
| 008 | 001998 | |
| 010 | @a2001022376 | |
| 020 | @a0-205-28989-4. | |
| 040 | @aDLC @cDLC @dDLC | |
| 050 | 00 | @aHD66 @b.H3746 2002 |
| 082 | 00 | @a658.4/036 @221 |
| 090 | @aF243.1 | |
| 099 | @dF243.1@ex33 | |
| 100 | 1 | @aHarris, Thomas E. |
| 245 | 10 | @aSmall group and team communication / @cThomas E. Harris, John C. Sherblom |
| 260 | @aBoston :@bAllyn and Bacon,@cc1998. | |
| 300 | @axvi, 271 p. :@bill. ;@c24 cm. | |
| 504 | @aIncludes bibliographical references and index. | |
| 650 | 0 | @aTeams in the workplace. |
| 650 | 0 | @aCommunication in organizations. |
| 700 | 1 | @aSherblom, John, @d1949- @b01 @c20030220 @lNLC09 @h1412 @b00 @c20030220 @lNLC09 @h1454 @b00 @c20030716 @lNLC09 @h2235 @b40 @c20030908 @lNLC09 @h1500 @b00 @c20030908 @lNLC09 @h1631 |
| 852 | 0 | @bWWJC @cJ09 @k2-2003 @hF243.1 @iH316/2002 |
| Small group and team communication / / Thomas E. Harris, John C. Sherblom.-Boston : : Allyn and Bacon, , c1998. |
| xvi, 271 p. : : ill. ; ; 24 cm. |
| Includes bibliographical references and index. |
| ISBN 0-205-28989-4. |
| ● |
| 相关链接 |
|
|
|
|
正题名:Small group and team communication
索取号:F243.1/x33
 
预约/预借
| 序号 | 登录号 | 条形码 | 馆藏地/架位号 | 状态 | 备注 |
| 1 | 0008520 | 300085208 | 第二样本阅览室/ [索取号:F243.1/x33] | 在馆 | |
| 2 | 0008521 | 300085217 | 第四借阅区/ [索取号:F243.1/x33] | 在馆 | |
| 3 | 0008522 | 300085226 | 第四借阅区/ [索取号:F243.1/x33] | 在馆 | |
| 4 | 0008523 | 300085235 | 第四借阅区/ [索取号:F243.1/x33] | 在馆 | |
| 5 | 0008524 | 300085244 | 第四借阅区/ [索取号:F243.1/x33] | 在馆 | |
| 6 | 0008525 | 300085253 | 第四借阅区/ [索取号:F243.1/x33] | 在馆 | |
| 7 | 0008526 | 300085262 | 第四借阅区/ [索取号:F243.1/x33] | 在馆 |